Implikácie novej inštitucionálnej ekonómie a teórie verejnej voľby pre fungovanie verejného sektora inauguračná prednáška

Saved in:
Bibliographic Details
Main Author: Čaplánová, Anetta, 1967-
Corporate Author: Ekonomická univerzita v Bratislave. Národohospodárska fakulta
Other Authors: Rievajová, Eva, Šikula, Milan, Lis, Stanislaw
Format: Book
Language:Slovak
Published: Bratislava 2012
Series:Habilitačné a inauguračné prednášky
Subjects:
Tags: Add Tag
No Tags, Be the first to tag this record!

MARC

LEADER 00000nam$a2200000$$$4500
001 0147340
005 20240502072649.1
020 |a 978-80-225-3373-7 
041 0 |a slo 
044 |a SK 
245 1 0 |a Implikácie novej inštitucionálnej ekonómie a teórie verejnej voľby pre fungovanie verejného sektora  |b inauguračná prednáška  |c Anetta Čaplánová 
264 1 |a Bratislava  |c 2012 
300 |a 77 s. [3,2 AH] 
490 1 |a Habilitačné a inauguračné prednášky 
830 0 |a Habilitačné a inauguračné prednášky 
610 2 0 |a ekonómia 
610 2 0 |a teórie ekonomické 
610 2 0 |a sektor verejný 
610 2 0 |a voľba verejná 
100 1 |a Čaplánová, Anetta, 1967- 
700 1 |a Rievajová, Eva 
700 1 |a Šikula, Milan 
700 1 |a Lis, Stanislaw 
710 2 |a Ekonomická univerzita v Bratislave. Národohospodárska fakulta